Courage to teach: exploring the inner landscape of a teachers life Ed 11 (Record no. 127288)

MARC details
000 -LEADER
fixed length control field 00669nam a2200277Ia 4500
008 - FIXED-LENGTH DATA ELEMENTS--GENERAL INFORMATION
fixed length control field 210210b2017 xxu||||| |||| 00| 0 eng d
020 ## - INTERNATIONAL STANDARD BOOK NUMBER
International Standard Book Number 9781119413042
041 ## - LANGUAGE CODE
Language code of text/sound track or separate title eng
082 ## - DEWEY DECIMAL CLASSIFICATION NUMBER
Classification number 371.102 PALC
100 ## - MAIN ENTRY--PERSONAL NAME
Personal name PALMER (Parker J)
245 ## - TITLE STATEMENT
Title Courage to teach: exploring the inner landscape of a teachers life Ed 11
250 ## - EDITION STATEMENT
Edition statement
260 ## - PUBLICATION, DISTRIBUTION, ETC.
Place of publication, distribution, etc. San Francisco
Name of publisher, distributor, etc. Jossey-Bass Publishers.,
Date of publication, distribution, etc. 2017
300 ## - PHYSICAL DESCRIPTION
Extent xxix,248
650 ## - SUBJECT ADDED ENTRY--TOPICAL TERM
Topical term or geographic name entry element teachers
650 ## - SUBJECT ADDED ENTRY--TOPICAL TERM
Topical term or geographic name entry element teach:
650 ## - SUBJECT ADDED ENTRY--TOPICAL TERM
Topical term or geographic name entry element life
650 ## - SUBJECT ADDED ENTRY--TOPICAL TERM
Topical term or geographic name entry element landscape
650 ## - SUBJECT ADDED ENTRY--TOPICAL TERM
Topical term or geographic name entry element inner
650 ## - SUBJECT ADDED ENTRY--TOPICAL TERM
Topical term or geographic name entry element exploring
650 ## - SUBJECT ADDED ENTRY--TOPICAL TERM
Topical term or geographic name entry element Ed
650 ## - SUBJECT ADDED ENTRY--TOPICAL TERM
Topical term or geographic name entry element Courage
650 ## - SUBJECT ADDED ENTRY--TOPICAL TERM
Topical term or geographic name entry element 11
690 ## - LOCAL SUBJECT ADDED ENTRY--TOPICAL TERM (OCLC, RLIN)
Topical term or geographic name as entry element Education
906 ## - LOCAL DATA ELEMENT F, LDF (RLIN)
a 074469
Holdings
Withdrawn status Lost status Damaged status Not for loan Collection code Home library Current library Shelving location Date acquired Source of acquisition Cost, normal purchase price Total Checkouts Full call number Barcode Date last seen Price effective from Koha item type
          St Aloysius Library St Aloysius Library   02/17/2021 Biblios Book Point, Surathkal-575014 2312.14   371.102 PALC 074469 02/17/2021 02/17/2021 Book